书目信息 |
| 题名: |
家庭绿色点缀
|
|
| 作者: | 朱天明工作室 | |
| 分册: | ||
| 出版信息: | 上海 上海科学技术文献出版社 1998.09 |
|
| 页数: | 46页 | |
| 开本: | 32开 | |
| 丛书名: | ||
| 单 册: | ||
| 中图分类: | ||
| 科图分类: | ||
| 主题词: | 建筑设计 | |
| 电子资源: | ||
| ISBN: | 7-5439-1313-5 | |
| 000 | 00573nam0 2200205 45 | |
| 001 | 9911231711 | |
| 005 | 19991123170610.3 | |
| 010 | @a7-5439-1313-5@d18.00元 | |
| 100 | @a19991123d1998 km y0chiy0120 ea | |
| 101 | @achi | |
| 105 | @a z 000yy | |
| 200 | 1 | @a家庭绿色点缀@AJia Ting Lu Se Dian Zhui@f朱天明工作室@FZhu Tian Ming Gong Zuo Shi |
| 210 | @a上海@c上海科学技术文献出版社@d1998.09 | |
| 215 | @a46页@d32开 | |
| 606 | 0 | @a建筑设计 |
| 690 | @v3 | |
| 690 | @aTU238 | |
| 701 | @a朱天明工作室 | |
| 801 | @aCN@bPFTUser@c19991123 | |
| 905 | @f3@b44693-695@dTU238@eZH540 | |
| 家庭绿色点缀/朱天明工作室.-上海:上海科学技术文献出版社,1998.09 |
| 46页;32开 |
| ISBN 7-5439-1313-5:18.00元 |
| ● |
| 相关链接 |
|
|
|
正题名:家庭绿色点缀
索取号:TU238/ZH540
 
预约/预借
| 序号 | 登录号 | 条形码 | 馆藏地/架位号 | 状态 | 备注 |
| 1 | 44693 | 200446936 | 建筑库101/ [索取号:TU238/ZH540] | 在馆 | |
| 2 | 44694 | 200446945 | 自科二线404/404自科库 24排3列5层/ [索取号:TU238/ZH540] | 在馆 | |
| 3 | 44695 | 200446954 | 建筑与城市规划学院资料室/101建筑库 24排4列5层/ [索取号:TU238/ZH540] | 在馆 |